Stockholm - Culture générale - Statistiques

Statistiques générales
  • Ce quiz a été pris 602 fois
  • Le résultat moyen est 6 sur 15
Statistiques - réponses
Information Réponse % Correct
Récompense décernée chaque année dans diverses sciences Prix Nobel
97%
Groupe de pop suédois mythique de la ville ABBA
96%
Mer bordant Stockholm Mer Baltique
87%
Nom donné à un phénomène psychologique liant otages et géôliers {Syndrome} de Stockholm
83%
Capitale européenne sur la même latitude à l'est Tallinn
63%
Chanson du groupe, vainqueur de l'Eurovision 1974 Waterloo
43%
Navire de guerre devenu épave dès son inauguration, aujourd'hui un musée Vasa
30%
Ligue marchande dont Stockholm faisait partie au Moyen-Âge Ligue h{ansétique}
29%
Entreprise de télécommunication fondée par Lars Magnus ___ Ericsson
21%
"Vielle ville" de Stockholm avec des habitations médiévales Gamla Stan
21%
Monarque y régnant actuellement Charles XVI Gustave
20%
Lac à l'embouchure de la ville Lac Mälar
8%
Signification française de Stockholm Île des {rondins}
7%
Le nom du parlement suédois Riksdag
7%
Type de parc national qui est né ici en 1995 Parc national {urbain}
6%
Aucun quiz correspondant
Distribution des résultats
% des personnes avec chaque résultat
Percentile par nombre de réponses
Votre historique - résultats
Vous n’avez pas pris ce quiz